000
00301nam a2200121Ia 4500
008
190216s9999||||xx |||||||||||||| ||und||
100
_a
Alan G Macdiarmid
245
0
_a
Bond To Halogens And Halogenoids
260
_b
Marcel Dekker
_c
1972
300
_a
374p
650
_a
Chemistry-Chemistry
942
_c
BK
999
_c
2443
_d
2443